[Event "CP-2013-P-00008"]
[White "Andre, Ricardo"]
[Black "Voudouris, Nick"]
[Site "LSS email"]
[Round "?"]
[Result "1-0"]
[Date "2013.09.30"]
[WhiteElo "1698"]
[BlackElo "1448"]
[PlyCount "99"]
[EventDate "2013.10.01"]
[EventType "tourn (corr)"]
[EventRounds "6"]
[EventCountry "GER"]
[SourceTitle "Telechess CBM 167"]
[Source "ChessBase"]
[SourceDate "2015.07.13"]
[SourceVersion "1"]
[SourceVersionDate "2015.07.13"]
[SourceQuality "1"]

1. d4 d5 2. c4 e6 3. Nf3 c6 4. Nc3 f5 5. h3 Bd6 6. Bg5 Nf6 7. e3 0-0 8. Bd3 b6 9. 0-0 h6 10. Bf4 Ba6 11. Bxd6 Qxd6 12. Ne5 Nfd7 13. f4 Nxe5 14. fxe5 Qe7 15. cxd5 cxd5 16. Rc1 Qe8 17. Be2 Qd7 18. g4 Bxe2 19. Nxe2 Nc6 20. gxf5 exf5 21. Nf4 Ne7 22. Kh1 Rac8 23. Qh5 Rc6 24. Rg1 Rxc1 25. Rxc1 Kh7 26. Rg1 Qc6 27. Kh2 b5 28. Qh4 Re8 29. Rg2 a5 30. Nd3 Qc8 31. Nc5 Qc6 32. Kh1 a4 33. b3 Ng6 34. Qg3 Re7 35. b4 Nf8 36. Rc2 Ne6 37. Qf2 Rf7 38. Qg2 f4 39. Rf2 Rf8 40. Nxe6 Qxe6 41. exf4 g5 42. Qg4 Qxg4 43. hxg4 gxf4 44. Kg2 Rc8 45. Kf3 Rc4 46. e6 Kg7 47. Re2 Kf8 48. Kxf4 Rxd4+ 49. Ke5 Rxb4 50. Kd6 1-0

[Event "BI-2013-P-00010"]
[White "Andre, Ricardo"]
[Black "Quizielvu, Massimo"]
[Site "LSS email"]
[Round "?"]
[Result "1/2-1/2"]
[Date "2013.04.22"]
[WhiteElo "1698"]
[BlackElo "2134"]
[PlyCount "103"]
[EventDate "2013.04.25"]
[EventType "tourn (corr)"]
[EventRounds "10"]
[EventCountry "GER"]
[SourceTitle "Telechess CBM 167"]
[Source "ChessBase"]
[SourceDate "2015.07.13"]
[SourceVersion "1"]
[SourceVersionDate "2015.07.13"]
[SourceQuality "1"]

1. e4 c5 2. Nf3 d6 3. d4 cxd4 4. Nxd4 Nf6 5. Nc3 a6 6. Be2 e5 7. Nb3 Be7 8. 0-0 0-0 9. Be3 Be6 10. a3 Nbd7 11. f4 exf4 12. Rxf4 Ne5 13. Nd4 Qd7 14. Nf5 Bxf5 15. exf5 Rfe8 16. Qd2 d5 17. Rd1 Qc7 18. Nxd5 Nxd5 19. Qxd5 Rad8 20. Qb3 Rxd1+ 21. Bxd1 Bd6 22. Rh4 Be7 23. Re4 Qd7 24. c4 Bf6 25. Bc2 Rd8 26. h3 h6 27. c5 Qc8 28. Kh1 Nc6 29. Qa2 Nd4 30. Bxd4 Rxd4 31. b4 b6 32. Re1 bxc5 33. bxc5 Bh4 34. Re2 Rf4 35. Qd5 Rf1+ 36. Kh2 Rf2 37. Rxf2 Bxf2 38. c6 Qc7+ 39. Kh1 Qf4 40. Qd8+ Kh7 41. f6+ g6 42. Qd5 Qxf6 43. Bb3 Kh8 44. Qf3 Qa1+ 45. Qd1 Qxd1+ 46. Bxd1 Bg3 47. Kg1 Kg7 48. Kf1 Kf8 49. Ke2 Ke7 50. Kd3 f6 51. Kc4 Kd6 52. Bf3 1/2-1/2

[Event "WC-2017-P-00011"]
[White "Andre, Ricardo"]
[Black "Osipov, Anatoly Vladimirovi"]
[Site "LSS email"]
[Round "?"]
[Result "1/2-1/2"]
[Date "2013.02.27"]
[WhiteElo "1694"]
[BlackElo "2160"]
[PlyCount "84"]
[EventDate "2013.03.03"]
[EventType "tourn (corr)"]
[EventRounds "12"]
[EventCountry "GER"]
[SourceTitle "Telechess CBM 167"]
[Source "ChessBase"]
[SourceDate "2015.07.13"]
[SourceVersion "1"]
[SourceVersionDate "2015.07.13"]
[SourceQuality "1"]

1. d4 Nf6 2. c4 e6 3. Nc3 Bb4 4. Qc2 0-0 5. a3 Bxc3+ 6. Qxc3 b6 7. b4 a5 8. Nf3 axb4 9. axb4 Ne4 10. Qb2 Rxa1 11. Qxa1 Nc6 12. Qb1 f5 13. e3 Bb7 14. b5 Na5 15. Qc2 Qe7 16. Bd3 c5 17. 0-0 Rc8 18. Ba3 Qd8 19. Rc1 d5 20. cxd5 cxd4 21. Qe2 Rxc1+ 22. Bxc1 dxe3 23. Bxe3 Bxd5 24. Bxe4 fxe4 25. Ne5 Nb7 26. Qh5 Nd6 27. h4 Qf6 28. Bxb6 Qf5 29. Qg5 Qxg5 30. hxg5 Nxb5 31. Bc5 Nc3 32. Kh2 Ne2 33. Be3 Bb7 34. g6 h6 35. Kh3 Nc3 36. Bc5 Nd5 37. Kg3 Ba6 38. Nc6 Bb5 39. Nd8 Bd7 40. Nf7 Be8 41. Ne5 Ba4 42. Nf7 Be8 1/2-1/2

[Event "WC-2017-P-00011"]
[White "Andre, Ricardo"]
[Black "Walczak, Tomasz"]
[Site "LSS email"]
[Round "?"]
[Result "0-1"]
[Date "2013.02.27"]
[WhiteElo "1694"]
[BlackElo "2051"]
[PlyCount "48"]
[EventDate "2013.03.03"]
[EventType "tourn (corr)"]
[EventRounds "12"]
[EventCountry "GER"]
[SourceTitle "Telechess CBM 167"]
[Source "ChessBase"]
[SourceDate "2015.07.13"]
[SourceVersion "1"]
[SourceVersionDate "2015.07.13"]
[SourceQuality "1"]

1. a3 e5 2. b3 d5 3. Bb2 Nc6 4. e3 Nf6 5. d4 exd4 6. exd4 Bd6 7. Nf3 0-0 8. Be2 Ne7 9. 0-0 Ng6 10. c4 Bf5 11. Nc3 c6 12. Re1 Re8 13. cxd5 cxd5 14. Bf1 Rxe1 15. Qxe1 Qb6 16. Nb5 Bf4 17. Bc1 Re8 18. Qb4 Ne4 19. Qa4 Rc8 20. Bxf4 Nxf4 21. Nh4 Bd7 22. g3 Qf6 23. f3 Ng6 24. fxe4 Nxh4 0-1

[Event "ZI-2012-0-01457"]
[White "Andre, Ricardo"]
[Black "Albesa, Alfredo Ricardo"]
[Site "LSS email"]
[Round "?"]
[Result "0-1"]
[Date "2012.12.21"]
[WhiteElo "1683"]
[BlackElo "1769"]
[PlyCount "88"]
[EventDate "2012.12.17"]
[EventType "match (corr)"]
[EventRounds "2"]
[EventCountry "GER"]
[SourceTitle "Telechess CBM 161"]
[Source "ChessBase"]
[SourceDate "2014.07.16"]
[SourceVersion "1"]
[SourceVersionDate "2014.07.16"]
[SourceQuality "1"]

1. d4 Nf6 2. f3 d5 3. e4 dxe4 4. Nc3 exf3 5. Nxf3 e6 6. Bd3 c5 7. Be3 cxd4 8. Bxd4 Nc6 9. Bxf6 Qxf6 10. Be4 Bb4 11. Qd3 h6 12. 0-0 0-0 13. Na4 Ne5 14. Nxe5 Qxe5 15. Rad1 Rb8 16. c4 f5 17. Bf3 b5 18. cxb5 Qxb5 19. Qxb5 Rxb5 20. a3 Be7 21. Rfe1 Ra5 22. Bc6 Ra6 23. Rc1 Rd8 24. b4 Bh4 25. g3 Bf6 26. Bb5 Rad6 27. Rc7 Ba6 28. Bxa6 Rxa6 29. Nc5 Rxa3 30. Nxe6 Rb8 31. Rb1 a5 32. b5 a4 33. Ra7 Rb3 34. Rd1 a3 35. Nc7 Kh7 36. Nd5 Bd8 37. b6 R8xb6 38. Kg2 R6b5 39. Kf1 Rc5 40. Ra8 Ba5 41. Ra7 a2 42. Nf6+ Kg6 43. Ne8 Kh5 44. Nxg7+ Kg4 0-1

[Event "SC-2012-0-00148"]
[White "Korostenski, Frank"]
[Black "Andre, Ricardo"]
[Site "LSS email"]
[Round "?"]
[Result "1/2-1/2"]
[Date "2012.06.24"]
[WhiteElo "1662"]
[BlackElo "1683"]
[PlyCount "112"]
[EventDate "2012.05.03"]
[EventType "tourn (corr)"]
[EventRounds "6"]
[EventCountry "GER"]
[SourceTitle "Telechess CBM 161"]
[Source "ChessBase"]
[SourceDate "2014.07.16"]
[SourceVersion "1"]
[SourceVersionDate "2014.07.16"]
[SourceQuality "1"]

1. e4 c5 2. a3 e6 3. b4 b6 4. bxc5 bxc5 5. Nf3 Nc6 6. Nc3 Rb8 7. Bc4 Be7 8. 0-0 Nf6 9. d3 0-0 10. Bf4 d6 11. h3 Nd7 12. Rb1 Rxb1 13. Qxb1 Nb6 14. Ba2 Ba6 15. Nb5 Qd7 16. c4 e5 17. Bd2 f5 18. Qb3 fxe4 19. dxe4 Kh8 20. a4 Nc8 21. a5 Bd8 22. Qa3 Qe6 23. Rb1 Nd4 24. Nfxd4 exd4 25. f3 Qe5 26. Kh1 Rf7 27. Qa4 Qe8 28. Kg1 Bb7 29. a6 Bc6 30. Qb3 Qe5 31. Rf1 Bd7 32. Bb1 Qg3 33. Be1 Qg5 34. Qb2 Be6 35. Qe2 Qe5 36. Bf2 Bb6 37. Bd3 Ne7 38. Qe1 Ng6 39. Bg3 Nf4 40. Bxf4 Rxf4 41. g3 Rf8 42. f4 Qh5 43. f5 Bd7 44. Kg2 Bxb5 45. cxb5 Qf7 46. Qc1 Re8 47. Bc4 Qe7 48. Bd5 Rb8 49. Qc4 Ba5 50. Bc6 Rf8 51. Qe6 Qf6 52. Qxf6 gxf6 53. Ra1 Bb6 54. Bd5 Rc8 55. Bc4 Kg7 56. Kf3 Re8 1/2-1/2

[Event "BI-2012-P-00024"]
[White "Andre, Ricardo"]
[Black "Aguirre Izaguirre, Pedro Jose"]
[Site "LSS email"]
[Round "?"]
[Result "1/2-1/2"]
[Date "2012.04.20"]
[WhiteElo "1690"]
[BlackElo "2029"]
[PlyCount "97"]
[EventDate "2012.04.22"]
[EventType "tourn (corr)"]
[EventRounds "10"]
[EventCountry "GER"]
[SourceTitle "Telechess CBM 159"]
[Source "ChessBase"]
[SourceDate "2014.03.17"]
[SourceVersion "1"]
[SourceVersionDate "2014.03.17"]
[SourceQuality "1"]

1. e4 e6 2. d4 d5 3. e5 c5 4. Nf3 Nc6 5. c3 Bd7 6. Be2 Rc8 7. 0-0 a6 8. Kh1 cxd4 9. cxd4 Nge7 10. Nc3 Ng6 11. Be3 Na5 12. Bd3 Nc4 13. Qb3 Bc6 14. Bg5 Be7 15. Bxe7 Qxe7 16. Bxc4 dxc4 17. Qxc4 0-0 18. Qd3 Qb4 19. Rab1 Rcd8 20. a3 Qb6 21. Rfd1 Bxf3 22. Qxf3 Rxd4 23. Rxd4 Qxd4 24. Qxb7 Nxe5 25. Qe4 Qxe4 26. Nxe4 Nd3 27. b4 f5 28. Nc5 Nxc5 29. bxc5 Rc8 30. Rc1 Kf7 31. f4 Kf6 32. Kg1 Rc7 33. Rc4 e5 34. Ra4 Rc6 35. Rb4 Rxc5 36. Rb6+ Kf7 37. fxe5 Ra5 38. Rb7+ Kg6 39. Rb6+ Kg5 40. Rb7 Kh6 41. Rb3 g6 42. e6 Kg7 43. Rb7+ Kf6 44. e7 Kf7 45. e8Q+ Kxe8 46. Rxh7 Kf8 47. Rh3 Kg7 48. Rc3 Kf6 49. h4 1/2-1/2

[Event "BI-2012-P-00024"]
[White "Andre, Ricardo"]
[Black "Dard, Michel"]
[Site "LSS email"]
[Round "?"]
[Result "0-1"]
[Date "2012.04.20"]
[WhiteElo "1690"]
[BlackElo "2162"]
[PlyCount "72"]
[EventDate "2012.04.22"]
[EventType "tourn (corr)"]
[EventRounds "10"]
[EventCountry "GER"]
[SourceTitle "Telechess CBM 159"]
[Source "ChessBase"]
[SourceDate "2014.03.17"]
[SourceVersion "1"]
[SourceVersionDate "2014.03.17"]
[SourceQuality "1"]

1. d4 d5 2. Bg5 f6 3. Bh4 Nh6 4. Nc3 Nf5 5. Nf3 Nc6 6. e3 h5 7. h3 g5 8. Bg3 Nxg3 9. fxg3 Qd6 10. Kf2 Be6 11. Nb5 Qd7 12. c4 dxc4 13. Qa4 a6 14. Rd1 Qc8 15. Nc3 b5 16. Qc2 Bf5 17. e4 Bg6 18. b3 e5 19. dxe5 Bc5+ 20. Ke1 Nxe5 21. bxc4 c6 22. Nxe5 fxe5 23. Rd3 Qc7 24. cxb5 axb5 25. Be2 0-0 26. Rf1 Rxf1+ 27. Kxf1 Qe7 28. g4 hxg4 29. hxg4 Kg7 30. Ke1 Bf7 31. Rf3 Be6 32. Qb2 Bd4 33. Qc2 Qc5 34. Qd2 Kg6 35. Bd1 Bxg4 36. Nb1 Bxf3 0-1

[Event "BI-2012-P-00024"]
[White "Paetzold, Ortwin"]
[Black "Andre, Ricardo"]
[Site "LSS email"]
[Round "?"]
[Result "1-0"]
[Date "2012.04.20"]
[WhiteElo "1606"]
[BlackElo "1690"]
[PlyCount "101"]
[EventDate "2012.04.22"]
[EventType "tourn (corr)"]
[EventRounds "10"]
[EventCountry "GER"]
[SourceTitle "Telechess CBM 159"]
[Source "ChessBase"]
[SourceDate "2014.03.17"]
[SourceVersion "1"]
[SourceVersionDate "2014.03.17"]
[SourceQuality "1"]

1. e4 d5 2. exd5 Qxd5 3. Nc3 Qd6 4. d4 a6 5. Nf3 Nf6 6. g3 Bg4 7. Bg2 c6 8. 0-0 e6 9. Bf4 Qd8 10. h3 Bxf3 11. Qxf3 Qxd4 12. Rad1 Qb6 13. Be3 Qa5 14. Ne4 Nbd7 15. Qf4 Nd5 16. Qg5 h6 17. Qh5 g6 18. Qf3 f5 19. Nd2 0-0-0 20. Nb3 Qb4 21. a3 Qc4 22. Na5 Qxc2 23. Bd4 Rh7 24. Rc1 Qa4 25. b4 Re8 26. Rfe1 Kb8 27. Bf1 Bg7 28. Bxg7 Rxg7 29. Nc4 c5 30. Nd6 Ree7 31. Rxe6 Rxe6 32. Qxd5 Rxd6 33. Qxd6+ Ka7 34. bxc5 Qc6 35. Qd4 Nf6 36. Bg2 Rd7 37. Qe3 Ne4 38. Qxh6 Rd3 39. Qf4 Rxa3 40. h4 Ra2 41. g4 Ra4 42. gxf5 gxf5 43. Qxf5 Rb4 44. h5 Nd6 45. Qg6 Ne4 46. Qxc6 bxc6 47. h6 Nf6 48. Bxc6 Kb8 49. Ra1 Rh4 50. Rxa6 Rxh6 51. Bf3 1-0

[Event "WC-2011-F-00008"]
[White "Andre, Ricardo"]
[Black "Feng, Jason"]
[Site "LSS email"]
[Round "?"]
[Result "1-0"]
[Date "2011.11.23"]
[WhiteElo "1656"]
[BlackElo "955"]
[PlyCount "63"]
[EventDate "2011.12.01"]
[EventType "tourn (corr)"]
[EventRounds "10"]
[EventCountry "GER"]
[SourceTitle "Telechess CBM 153"]
[Source "ChessBase"]
[SourceDate "2013.03.14"]
[SourceVersion "1"]
[SourceVersionDate "2013.03.14"]
[SourceQuality "1"]

1. e4 e5 2. Bc4 Nf6 3. d3 Be7 4. Nf3 d6 5. h3 0-0 6. 0-0 Be6 7. Bb3 Bxb3 8. axb3 a6 9. Nc3 Nc6 10. d4 exd4 11. Nxd4 Nxd4 12. Qxd4 Re8 13. Bf4 Bf8 14. Rfe1 Qd7 15. Bg5 Be7 16. e5 dxe5 17. Qxd7 Nxd7 18. Bxe7 Rxe7 19. Nd5 Ree8 20. Nxc7 Rac8 21. Nxe8 Rxe8 22. Red1 Nf6 23. Ra5 e4 24. b4 h6 25. b5 e3 26. bxa6 exf2+ 27. Kxf2 bxa6 28. Rxa6 Ne4+ 29. Kf3 Ng5+ 30. Kg3 Ne4+ 31. Kf4 g5+ 32. Kf3 1-0

[Event "CP-2011-P-00042"]
[White "Czegledi, Laszlo"]
[Black "Andre, Ricardo"]
[Site "LSS email"]
[Round "?"]
[Result "1-0"]
[Date "2011.09.30"]
[WhiteElo "2210"]
[BlackElo "1671"]
[PlyCount "75"]
[EventDate "2011.10.01"]
[EventType "tourn (corr)"]
[EventRounds "6"]
[EventCountry "GER"]
[SourceTitle "Telechess CBM 165"]
[Source "ChessBase"]
[SourceDate "2015.03.11"]
[SourceVersion "1"]
[SourceVersionDate "2015.03.11"]
[SourceQuality "1"]
[WhiteTeam "US of America"]
[WhiteTeamCountry "USA"]

1. e4 c5 2. Nf3 e6 3. d4 a6 4. Nc3 cxd4 5. Nxd4 Qc7 6. Bd3 Nf6 7. f4 Bb4 8. Bd2 Bxc3 9. Bxc3 Qxf4 10. Qe2 d6 11. Nf3 Nc6 12. 0-0 Qg4 13. h3 Qh5 14. Qf2 b5 15. e5 dxe5 16. Rfe1 b4 17. Bxe5 Bb7 18. Qb6 Nd8 19. Bd6 Bxf3 20. gxf3 Qxh3 21. Bxa6 Rxa6 22. Qxa6 Qxf3 23. Qb5+ Qc6 24. Qxb4 Qxc2 25. Rad1 Qg6+ 26. Kh1 Qh5+ 27. Kg2 Qg4+ 28. Qxg4 Nxg4 29. a4 Nf6 30. Ba3 h5 31. a5 h4 32. a6 Rh5 33. a7 Ra5 34. Bc5 Nc6 35. Ra1 Rxa1 36. Rxa1 Nxa7 37. Rxa7 Nd5 38. b4 1-0

[Event "CP-2011-P-00042"]
[White "Wicklund Hansen, Gunnar"]
[Black "Andre, Ricardo"]
[Site "LSS email"]
[Round "?"]
[Result "0-1"]
[Date "2011.09.30"]
[WhiteElo "1802"]
[BlackElo "1671"]
[PlyCount "118"]
[EventDate "2011.10.01"]
[EventType "tourn (corr)"]
[EventRounds "6"]
[EventCountry "GER"]
[SourceTitle "Telechess CBM 165"]
[Source "ChessBase"]
[SourceDate "2015.03.11"]
[SourceVersion "1"]
[SourceVersionDate "2015.03.11"]
[SourceQuality "1"]

1. e4 c6 2. d4 d5 3. e5 Bf5 4. Nc3 e6 5. g4 Bg6 6. Nge2 c5 7. h4 h5 8. Nf4 cxd4 9. Nxg6 fxg6 10. Nb5 Bc5 11. gxh5 Rxh5 12. Bg5 Qb6 13. Be2 Kd7 14. Bxh5 gxh5 15. Qe2 d3 16. Qxd3 Bxf2+ 17. Kd2 Nc6 18. Qe2 Rf8 19. Raf1 Rf5 20. Rh2 Rxe5 21. Qxf2 Qxb5 22. Qf8 Nge7 23. Kc1 g6 24. Rd2 Rf5 25. Rxf5 gxf5 26. b3 Qc5 27. Qf7 e5 28. Qxh5 Qc3 29. Kb1 d4 30. Rd3 Qe1+ 31. Rd1 Qe4 32. Qf7 f4 33. h5 Qf3 34. Rd3 Qg2 35. Bxe7 Nxe7 36. Kb2 Qg5 37. Rd1 Qf5 38. Qxf5+ Nxf5 39. Rh1 Nh6 40. c3 d3 41. Rf1 Ke6 42. Rf3 Kf5 43. Rxd3 e4 44. Rd5+ Ke6 45. Rd1 f3 46. Kc2 Ke5 47. Kd2 Kf4 48. Ke1 Nf5 49. Rd8 e3 50. Rf8 Kg4 51. a3 Nh4 52. Re8 Ng2+ 53. Kf1 Kxh5 54. c4 Kh4 55. c5 Kg3 56. Rg8+ Kf4 57. Re8 Nh4 58. b4 Ng6 59. Ke1 Ne5 0-1

[Event "BI-2010-F-00015"]
[White "Andre, Ricardo"]
[Black "Rossetti, Mario"]
[Site "LSS email"]
[Round "?"]
[Result "1/2-1/2"]
[Date "2011.02.21"]
[WhiteElo "1615"]
[BlackElo "1655"]
[PlyCount "41"]
[EventDate "2011.02.24"]
[EventType "tourn (corr)"]
[EventRounds "10"]
[EventCountry "GER"]
[SourceTitle "Telechess CBM 157"]
[Source "ChessBase"]
[SourceDate "2013.11.12"]
[SourceVersion "1"]
[SourceVersionDate "2013.11.12"]
[SourceQuality "1"]

1. c4 Nf6 2. d4 g6 3. g3 Bg7 4. b3 c5 5. e3 Nc6 6. Ne2 cxd4 7. exd4 Qa5+ 8. Bd2 Qf5 9. Bg2 Ng4 10. 0-0 Nxd4 11. Nbc3 Nf3+ 12. Bxf3 Qxf3 13. Nd5 b6 14. Bc3 Bxc3 15. Nexc3 Qxd1 16. Raxd1 Kd8 17. f3 Nh6 18. Rfe1 e6 19. Nf6 Ke7 20. Nfd5+ Kd8 21. Nf6 1/2-1/2

[Event "BI-2010-F-00015"]
[White "Andre, Ricardo"]
[Black "Sinygovsky, Vladimir"]
[Site "LSS email"]
[Round "?"]
[Result "1/2-1/2"]
[Date "2011.02.21"]
[WhiteElo "1615"]
[BlackElo "1438"]
[PlyCount "66"]
[EventDate "2011.02.24"]
[EventType "tourn (corr)"]
[EventRounds "10"]
[EventCountry "GER"]
[SourceTitle "Telechess CBM 157"]
[Source "ChessBase"]
[SourceDate "2013.11.12"]
[SourceVersion "1"]
[SourceVersionDate "2013.11.12"]
[SourceQuality "1"]

1. e4 Nc6 2. e5 Nxe5 3. d4 Nc6 4. Nf3 e6 5. Bd3 Nf6 6. 0-0 d5 7. c3 Bd7 8. Re1 Bd6 9. Ne5 Qe7 10. Nd2 h6 11. Ndf3 0-0-0 12. b4 g5 13. b5 Na5 14. Qa4 b6 15. Nd2 a6 16. Nxd7 Qxd7 17. Nb3 axb5 18. Bxb5 c6 19. Ba6+ Kc7 20. Nxa5 Ra8 21. Nb7 Ne4 22. c4 Bb4 23. Qxb4 Rxa6 24. cxd5 cxd5 25. f3 Nf6 26. Nc5 bxc5 27. Qxc5+ Kb8 28. a4 Ka8 29. Ba3 Rc6 30. Qb5 Rb8 31. Be7 Ne8 32. Reb1 Qc7 33. Bb4 Rc4 1/2-1/2

[Event "BI-2010-F-00015"]
[White "Just, Bent"]
[Black "Andre, Ricardo"]
[Site "LSS email"]
[Round "?"]
[Result "1/2-1/2"]
[Date "2011.02.21"]
[WhiteElo "1608"]
[BlackElo "1615"]
[PlyCount "121"]
[EventDate "2011.02.24"]
[EventType "tourn (corr)"]
[EventRounds "10"]
[EventCountry "GER"]
[SourceTitle "Telechess CBM 157"]
[Source "ChessBase"]
[SourceDate "2013.11.12"]
[SourceVersion "1"]
[SourceVersionDate "2013.11.12"]
[SourceQuality "1"]

1. e4 c5 2. Nf3 d6 3. d4 e6 4. dxc5 Qa5+ 5. Nc3 Nf6 6. Qd3 dxc5 7. e5 Nd5 8. Bd2 Nb4 9. Qe4 Bd7 10. 0-0-0 Nxa2+ 11. Kb1 Bc6 12. Qf4 Nxc3+ 13. Bxc3 Qa4 14. Nd4 Be7 15. b3 Qa3 16. Nb5 Bxb5 17. Bxb5+ Nc6 18. Rd3 0-0 19. Rd2 Nb4 20. Bxb4 Qxb4 21. Qxb4 cxb4 22. Rhd1 Rad8 23. Rd7 Rxd7 24. Rxd7 Bc5 25. f4 a6 26. Be2 b5 27. Rd1 Rc8 28. Bf3 a5 29. Bb7 Rb8 30. Be4 a4 31. f5 a3 32. Ka2 Rc8 33. g4 Bf8 34. Rd4 Rc3 35. fxe6 fxe6 36. Bd3 Rc7 37. h4 g6 38. h5 gxh5 39. gxh5 Kg7 40. Rg4+ Kh6 41. Rf4 Be7 42. Rf7 Kxh5 43. Rxh7+ Kg4 44. Rf7 Bd8 45. Rf2 Bg5 46. Rg2+ Kf4 47. Bxb5 Rc5 48. Bc4 Rxe5 49. c3 bxc3 50. b4 Re1 51. Kxa3 Bf6 52. Bd3 Bd4 53. Rg8 e5 54. Kb3 e4 55. Re8 Be5 56. Bc2 Rg1 57. Rf8+ Ke3 58. Re8 Rg5 59. b5 Kd4 60. Rd8+ Kc5 61. Bxe4 1/2-1/2

[Event "BI-2010-F-00015"]
[White "Neumann, Ulrich"]
[Black "Andre, Ricardo"]
[Site "LSS email"]
[Round "?"]
[Result "1/2-1/2"]
[Date "2011.02.21"]
[WhiteElo "1682"]
[BlackElo "1615"]
[PlyCount "67"]
[EventDate "2011.02.24"]
[EventType "tourn (corr)"]
[EventRounds "10"]
[EventCountry "GER"]
[SourceTitle "Telechess CBM 157"]
[Source "ChessBase"]
[SourceDate "2013.11.12"]
[SourceVersion "1"]
[SourceVersionDate "2013.11.12"]
[SourceQuality "1"]

1. e4 d5 2. exd5 Qxd5 3. Nc3 Qa5 4. d4 Nd7 5. Bd2 e6 6. Nf3 Ngf6 7. Bd3 Be7 8. 0-0 0-0 9. Qe2 a6 10. Rfe1 Rd8 11. d5 Nf8 12. dxe6 Bxe6 13. Ng5 Qb6 14. Nxe6 Nxe6 15. Bc4 Bc5 16. Be3 Nd4 17. Bxd4 Bxd4 18. Bb3 Bxc3 19. bxc3 Qc6 20. Qe7 Rf8 21. Qb4 a5 22. Qc4 Qxc4 23. Bxc4 Rfe8 24. f3 Rxe1+ 25. Rxe1 Kf8 26. a3 Rd8 27. Bd3 Nd5 28. Re5 b6 29. c4 Nf4 30. Re3 g6 31. Kf2 Ne6 32. h3 Ke7 33. c5 h5 34. cxb6 1/2-1/2

[Event "LSS SC-2010-0-00081"]
[White "Andre, Ricardo"]
[Black "Turoczi, Peter"]
[Site "LSS email"]
[Round "?"]
[Result "1-0"]
[Date "2010.12.11"]
[WhiteElo "1615"]
[BlackElo "1395"]
[PlyCount "48"]
[EventDate "2010.10.29"]
[EventType "tourn (corr)"]
[EventRounds "6"]
[EventCountry "GER"]
[SourceTitle "Telechess CBM 157"]
[Source "ChessBase"]
[SourceDate "2013.11.12"]
[SourceVersion "1"]
[SourceVersionDate "2013.11.12"]
[SourceQuality "1"]

1. Nc3 c5 2. f4 d5 3. Nf3 Nc6 4. e3 Nf6 5. b3 Bf5 6. Bb5 d4 7. Na4 dxe3 8. 0-0 exd2 9. Bxd2 e6 10. Ne5 Qc7 11. Be3 Bd6 12. Bxc6+ bxc6 13. Bxc5 Bxe5 14. fxe5 Qxe5 15. c4 Rd8 16. Qf3 Ng4 17. g3 Qe4 18. Rae1 Qxf3 19. Rxf3 Bg6 20. Bxa7 Rd2 21. h3 Nf6 22. Rf2 Rd3 23. Rg2 Ne4 24. Nc5 Nxc5 1-0

[Event "CP-2010-P-00061"]
[White "Zakharov, Oleg Yu"]
[Black "Andre, Ricardo"]
[Site "LSS email"]
[Round "?"]
[Result "1-0"]
[Date "2010.09.28"]
[WhiteElo "2251"]
[BlackElo "1525"]
[PlyCount "53"]
[EventDate "2010.10.01"]
[EventType "tourn (corr)"]
[EventRounds "6"]
[EventCountry "GER"]
[SourceTitle "Corr 2022"]
[Source "ChessBase"]
[SourceDate "2021.10.24"]
[SourceVersion "1"]
[SourceVersionDate "2021.10.24"]
[SourceQuality "1"]

1. e4 c5 2. Nf3 d6 3. d4 cxd4 4. Nxd4 Nf6 5. Nc3 Nc6 6. Bg5 e6 7. Qd2 Be7 8. 0-0-0 0-0 9. f4 d5 10. e5 Nd7 11. Bxe7 Qxe7 12. h4 Nb6 13. Nf3 Bd7 14. h5 h6 15. Kb1 Rfc8 16. Nb5 a6 17. Nd6 Rc7 18. g4 f6 19. g5 fxg5 20. fxg5 Nxe5 21. Nxe5 Qxd6 22. Nxd7 Nxd7 23. gxh6 Rac8 24. Bd3 Ne5 25. hxg7 Nxd3 26. h6 Nf4 27. h7+ 1-0

[Event "LSS BI-2010-P-00020"]
[White "Andre, Ricardo"]
[Black "Buczinski, Henryk"]
[Site "LSS email"]
[Round "?"]
[Result "0-1"]
[Date "2010.04.19"]
[WhiteElo "1559"]
[BlackElo "2182"]
[PlyCount "114"]
[EventDate "2010.04.22"]
[EventType "tourn (corr)"]
[EventRounds "10"]
[EventCountry "GER"]
[SourceTitle "Telechess CBM 141"]
[Source "ChessBase"]
[SourceDate "2011.03.17"]
[SourceVersion "1"]
[SourceVersionDate "2011.03.17"]
[SourceQuality "1"]

1. c4 e5 2. Nc3 Nf6 3. Nf3 Nc6 4. d3 d5 5. cxd5 Nxd5 6. e3 Bc5 7. Be2 0-0 8. Bd2 Be6 9. 0-0 Be7 10. d4 exd4 11. exd4 Bf6 12. Be3 Re8 13. Qa4 a6 14. Bd3 Bg4 15. Nxd5 Qxd5 16. Be2 Bf5 17. Rac1 Be4 18. Rfd1 b5 19. Qb3 Qxb3 20. axb3 Rad8 21. Kf1 h6 22. Ra1 Nb4 23. Bf4 c6 24. Bc7 Rd7 25. Bb6 Bc2 26. Rd2 Bxb3 27. Bc5 Be7 28. Ne5 Rd5 29. Bxe7 Rxe7 30. Ra3 Ba2 31. Rd1 f6 32. Nxc6 Nxc6 33. Rxa2 Nxd4 34. Bd3 Rd6 35. b4 Kf7 36. Rad2 Red7 37. Be4 f5 38. Ba8 Ke6 39. Re1+ Kf6 40. g3 Rc7 41. Red1 Rc4 42. Rb2 g5 43. h3 h5 44. Kg2 h4 45. gxh4 gxh4 46. Kh2 Ke6 47. Re1+ Kd7 48. Bb7 Kc7 49. Re7+ Rd7 50. Rxd7+ Kxd7 51. Kg2 Kc7 52. Bd5 Rc2 53. Rb1 Ne2 54. Kf3 Nc3 55. Bb3 Rxf2+ 56. Kxf2 Nxb1 57. Ke3 Kd6 0-1

[Event "LSS BI-2010-P-00020"]
[White "Daurelle, Herve"]
[Black "Andre, Ricardo"]
[Site "LSS email"]
[Round "?"]
[Result "1-0"]
[Date "2010.04.19"]
[WhiteElo "2224"]
[BlackElo "1523"]
[PlyCount "85"]
[EventDate "2010.04.22"]
[EventType "tourn (corr)"]
[EventRounds "10"]
[EventCountry "GER"]
[SourceTitle "Telechess CBM 141"]
[Source "ChessBase"]
[SourceDate "2011.03.17"]
[SourceVersion "1"]
[SourceVersionDate "2011.03.17"]
[SourceQuality "1"]

1. e4 c5 2. Nf3 e6 3. d4 cxd4 4. Nxd4 Nc6 5. Nc3 Nf6 6. Ndb5 Bb4 7. a3 Bxc3+ 8. Nxc3 d5 9. exd5 exd5 10. Bd3 0-0 11. 0-0 Bg4 12. f3 Bh5 13. Bg5 Re8 14. Bxf6 Qxf6 15. Nxd5 Qe5 16. c4 Rad8 17. Qd2 f6 18. Qf2 Bf7 19. Rad1 Qh5 20. b3 Kh8 21. Be4 f5 22. Bc2 Rd6 23. Qg3 Red8 24. Ne3 Rxd1 25. Rxd1 Rxd1+ 26. Bxd1 Be6 27. Qd6 Qe8 28. Kf2 Kg8 29. f4 Qd7 30. Qxd7 Bxd7 31. c5 Kf7 32. Nc4 Kf6 33. b4 Ke6 34. Ke3 Ne7 35. Bf3 Bc6 36. Bxc6 bxc6 37. Kd4 Kd7 38. a4 a6 39. g3 g6 40. Ke5 Ng8 41. Nb6+ Ke7 42. h3 h5 43. Nc8+ 1-0